| Tag |
First Indicator |
Second Indicator |
Subfields |
| LEADER |
00000cam a22000007a 4500 |
| 001 |
in00000001111 |
| 005 |
20151007050327.0 |
| 008 |
980824s1998 xxu f000 0 eng |
| 035 |
|
|
|a (OCoLC)
|
| 035 |
|
|
|a tmp97218578
|
| 035 |
|
|
|9 AHS7864AM
|
| 040 |
|
|
|a MvI
|c MvI
|d UtOrBLW
|
| 049 |
|
|
|a UDOC
|
| 074 |
|
|
|a 1059-A-01
|
| 086 |
0 |
|
|a Y 3.EQ 2:2 EN 2/9/NOT
|
| 245 |
0 |
0 |
|a EEOC Enforcement Guidance, On The Effect Of Representations Made In Applications For Benefits On The Determination Of Whether A Person Is A "Qualified Indiviual With A Disability" Etc., Notice, February 12, 1997.
|
| 264 |
|
1 |
|a [Place of publication not identified] :
|b [publisher not identified],
|c [1998?]
|
| 336 |
|
|
|a text
|b txt
|2 rdacontent
|
| 337 |
|
|
|a unmediated
|b n
|2 rdamedia
|
| 338 |
|
|
|a volume
|b nc
|2 rdacarrier
|
| 500 |
|
|
|a Shipping List #: 98-0334-P
|
| 500 |
|
|
|a Shipping List Date: 08/17/98
|
| 710 |
1 |
|
|a United States.
|b Equal Employment Opportunity Commission.
|
| 999 |
|
|
|a MARS
|
| 999 |
f |
f |
|s b3bb4e3c-1020-3d84-9722-8dc991138159
|i 4975c90a-f2d6-3eee-a89a-9723172fd47d
|t 0
|
| 952 |
f |
f |
|p normal
|a Texas A&M University
|b College Station
|c Sterling C. Evans Library
|d Evans: US Documents (Annex 5th floor)
|t 0
|e Y 3.EQ 2:2 EN 2/9/NOT
|h Superintendent of Documents classification
|i unmediated -- volume
|m A14824440253
|
| 998 |
f |
f |
|a Y 3.EQ 2:2 EN 2/9/NOT
|t 0
|l Evans: US Documents (Annex 5th floor)
|